00566pab a2200181 454500008004000000100002200040245005800062260000900120300001300129362001200142650003800154650002800192773002100220908000600241909001100247999001900258952010700277180718b2014 xxu||||| |||| 00| 0 eng d aGunn, Geoffrey C. aCoercion and co-option of Indochinese worker soldiers c2014 ap.63-84. aJul-Aug aIndia - Foreign relations - China aInternational relations aSocial Scientist aN a105174 c105169d105169 00104070aIIPAbIIPAd2018-07-19hVolume no: 42, Issue no: 7-8pAR105634r2018-07-19w2018-07-19yAR